TRAFFICKING AND HIV (Record no. 11150)

MARC details
000 -LEADER
fixed length control field 00256nam a22001217a 4500
003 - CONTROL NUMBER IDENTIFIER
control field SGT
082 ## - DEWEY DECIMAL CLASSIFICATION NUMBER
Classification number 340,THI
100 ## - MAIN ENTRY--PERSONAL NAME
Personal name THILAGARAJ,R.
245 ## - TITLE STATEMENT
Title TRAFFICKING AND HIV
260 ## - PUBLICATION, DISTRIBUTION, ETC. (IMPRINT)
Place of publication, distribution, etc MADRAS
Name of publisher, distributor, etc UNIVERSITY OF MADRAS
Year of Publication 2010
300 ## - PAGE DESCRIPTION
No. of Pages 143
942 ## - ADDED ENTRY ELEMENTS (KOHA)
Source of classification or shelving scheme Dewey Decimal Classification
Koha item type Books
Holdings
Withdrawn status Lost status Source of classification or shelving scheme Damaged status Not for loan Collection code Home library Current library Shelving location Date acquired Vendor Name SGTU Total Checkouts Full call number Accession No. (Barcode) Date last seen Bill Date Koha item type
    Dewey Decimal Classification     LAW SGT Science & Social Sciences Library SGT Science & Social Sciences Library Text Book 08/03/2017 DONATE SGTU   340,THI FL602 08/03/2017 08/03/2017 Books